000 00555nam a2200205Ia 4500
005 20250508164348.0
008 008 250505s9999 xx 000 0 eng d
037 _aReference
040 _aFEDL
_beng
_cFEDL
041 _aeng
_2eng
084 _a305.23, HOL
_qFEDL
100 _aHolt John
245 0 _aEscape from childhood
260 _aBhopal, India
_bEklavya Publication
_c1974
300 _a180p
365 _aINR
_b100
650 _aSociology; Social Groups
_9777927
942 _cREF
_h305.23, HOL
999 _c1388750
_d1388750